| 000 | 01160nam2a22002531 4500 | ||
|---|---|---|---|
| 001 | RU\NLR\INFOCOMM44\1000037614 | ||
| 005 | 20250617112728.0 | ||
| 035 | _a(NLR Aleph) 002573577 | ||
| 090 |
_a3211505 _c3211505 |
||
| 100 | _a20040615d1977 |||y0rusy50 ca | ||
| 101 | 0 | _arus | |
| 102 | _aRU | ||
| 105 | _ay ||||||||| | ||
| 200 | 1 |
_aЗащита окружающей среды при обогащении полезных ископаемых _fВ.П. Небера и др. |
|
| 210 |
_d1977 _aБ. м. |
||
| 461 | 0 |
_1001RU\NLR\INFOCOMM44\1000037603 _12001#$aОбогащение полезных ископаемых$fГос. ком. Совета Министров СССР по науке и технике. АН СССР. ВИНИТИ$vТ.11 _93211480 _cМ. _d1965- _fГос. ком. Совета Министров СССР по науке и технике. АН СССР. ВИНИТИ _tОбогащение полезных ископаемых _vТ.11 |
|
| 700 | 1 |
_aНебера _bВ.П. _4070 |
|
| 801 | 1 |
_aRU _bInfoComm _c20040615 |
|
| 801 | 0 |
_aRU _bNLR _gPSBO |
|
| 852 |
_aNLR _jП10/4499 |
||
| 942 | _cISSUE | ||
| 980 | _aNB | ||
| 980 | _aRUSPER | ||